| Поле | Инд. | ПП | Название | Значение |
|---|---|---|---|---|
| Тип записи | a | |||
| Библиографический уровень | b | |||
| 001 | Контрольный номер | RU/IS/BASE/504206591 | ||
| 005 | Дата корректировки | 20200526074551.1 | ||
| 084 | a | Индекс другой классификации/Индекс ББК | 65.26-01; 65.268.6-01 | |
| 097 | 00 | a | 750 | |
| b | Оператор | Спаскова_Н_О | ||
| 100 | 10 | a | Автор | Кондратов Д. И. |
| q | Полное имя | Кондратов Дмитрий Игоревич | ||
| 245 | 00 | a | Заглавие | Актуальные подходы к реформированию мировой валютной системы |
| 504 | 00 | a | Библиография | Лит. в конце статьи |
| 520 | 00 | a | Аннотация | Возможные пути и механизмы перестройки мировой валютной системы на мультивалютный стандарт, а также перспективы доллара США как резервной валюты рассматриваются в статье. |
| 650 | a | Основная рубрика | международные валютные отношения | |
| a | Основная рубрика | международные финансовые отношения | ||
| a | Основная рубрика | финансы | ||
| a | Основная рубрика | экономика | ||
| a | Основная рубрика | экономический анализ | ||
| 653 | 00 | a | Ключевые слова | Азия |
| a | Ключевые слова | валютная система | ||
| a | Ключевые слова | волатильность валютных курсов | ||
| a | Ключевые слова | девальвация доллара | ||
| a | Ключевые слова | дефицит платежного баланса | ||
| a | Ключевые слова | дефицит федерального бюджета | ||
| a | Ключевые слова | доллар США | ||
| a | Ключевые слова | конвертируемость валют | ||
| a | Ключевые слова | мировая валютная система | ||
| a | Ключевые слова | мировая экономика | ||
| a | Ключевые слова | мировой финансовый кризис | ||
| a | Ключевые слова | обменный курс | ||
| a | Ключевые слова | платежный дисбаланс | ||
| a | Ключевые слова | расчетная валюта | ||
| a | Ключевые слова | резервная валюта | ||
| a | Ключевые слова | США | ||
| a | Ключевые слова | теория финансов | ||
| a | Ключевые слова | устойчивость валюты | ||
| a | Ключевые слова | финансовая политика | ||
| a | Ключевые слова | финансовый рынок | ||
| 773 | 00 | t | Заглавие источника | Экономический журнал ВШЭ |
| d | Дата издания источника | 2015 | ||
| g | Прочая информация | Т. 19, № 1. - С. 128 - 157 : табл., граф., диагр. | ||
| w | Контрольный № источника | RU/IS/BASE/482514989 | ||
| 901 | t | Тип документа | b |